000 00506 a2200169 4500
001 144699
040 _cLeonardo Da Vinci
041 _aPortuguês
082 _a808.04 Z446r
_bZ446r
100 _aZANOTELLO, Simone
245 _aRedação
_breflexão e uso
260 _bArte e ciência
_c1999
_aSão Paulo
300 _a128
362 _a00001999
697 _aConsiderações gerais para a produção textual
_aComunicação oral e escrita
_aProsa e poesia
_aA leitura
_aElementos básicos
942 _cBK
999 _c144699
_d144699